Normal view
MARC view
- Competitive exam
Entry Topical Term
001 - CONTROL NUMBER
- control field: 83920
003 - CONTROL NUMBER IDENTIFIER
- control field: OSt
005 - DATE AND TIME OF LATEST TRANSACTION
- control field: 20220806115016.0
008 - FIXED-LENGTH DATA ELEMENTS
- fixed length control field: 220806|| aca||aabn | a|a d
040 ## - CATALOGING SOURCE
- Original cataloging agency: OSt
- Transcribing agency: OSt
150 ## - HEADING--TOPICAL TERM
- Topical term or geographic name entry element: Competitive exam
670 ## - SOURCE DATA FOUND
- Source citation: Work cat.: (OSt)46204: Sonawane, J. S. 83919, UGC NET/SLECT Social Work, 2013